| 000 | 01413nam0a2200373 i 4500 | ||
|---|---|---|---|
| 001 | RU\NLR\BIBL_A\010880931 | ||
| 005 | 20241103132937.0 | ||
| 010 |
_a9785222258309 _93000 |
||
| 021 |
_aRU _b2015-78050 _94720 |
||
| 035 | _a(NILC)LIBNET\0000588913 | ||
| 035 | _a(NLR Aleph) 010880931 | ||
| 090 |
_a10504052 _c10504052 |
||
| 100 | _a20151105d2016 um y0rusy50 ca | ||
| 101 | 0 | _arus | |
| 102 | _aRU | ||
| 105 | _aa|||z|||000zy | ||
| 200 | 1 |
_aЧто делать, если ребенок плачет _e200 эффективных советов _fЕ. А. Ульева |
|
| 210 |
_aРостов-на-Дону _cФеникс _d2016 _d[т. е. 2015] |
||
| 215 |
_a253 с. _cил. _d18 |
||
| 225 | 1 | _aСерия "Мамины подсказки" | |
| 300 | _aКн. фактически издана в 2015 г. | ||
| 320 | _aБиблиогр.: с. 245 | ||
| 333 | _a12+ | ||
| 606 |
_aДети и родители _xПсихологическая служба _92100863 _3RU\NLR\AUTH\661270599 |
||
| 606 | 1 |
_aДошкольники _xВоспитание в семье _91336146 _3RU\NLR\AUTH\66241462 |
|
| 686 |
_a74.902.4 _vLBC/RL _2rubbk |
||
| 686 | 1 | _aЮ984.92 | |
| 686 | 1 | _aЧ491.31-1 | |
| 700 | 1 |
_aУльева _bЕ. А. _gЕлена Александровна _4070 |
|
| 801 | 0 |
_aRU _bНБР Адыгея _c20151002 _grcr |
|
| 942 | _cBOOK | ||
| 980 | _aNBR | ||